01529nam a22004097a 4500003000500000005001700005008004100022010000900063011000900072035000900081040000900090082001400099245013900113260004700252300000900299490003900308500001000347590004100357590004100398590004100439590004100480590004100521590004200562650003700604650003600641650003900677650003900716650004000755650004400795700003200839830003900871901000700910942001000917949005000927999001500977952012700992CHAP20220817040953.0971013s1988 r 00010 d a3681 a4653 a3857 cCHAP a630.3bG6 aGlosario en inglés - español de terminología usados en forestales, pastizales, fauna silvestre, pesquería, suelos y botánica aFort Collins, Co. :bForest Service,c1988 a54 p aGeneral Technical Reportv; RM-152 aD51-7 aBATCH-UPDb10c20130110lUCH01h0018 aBATCH-UPDb10c20130110lUCH01h2017 aBATCH-UPDb10c20130409lUCH01h1957 aBATCH-UPDb10c20130410lUCH01h1336 aBATCH-UPDb10c20130914lUCH01h0706 aCONVERSIONb10c20130109lUCH01h130314aAgriculturaxTerminologia.9183714aBosquesxTerminología.91439914aBotánicaxTerminología.91462314aPastizalesxTerminología.98596214aPesqueríaxTerminología.98751814aVida silvestrexTerminología.91191990 aLeroy Medina, Alvin.9663140 aGeneral Technical Reportv; RM-152 aBK cLIBRO a630.3 G6bBCcCd-13387eCh80140i3857mDsi c3681d3681 00102ddc4051708CaBCbBCcPA_CONSULTAd2019-12-31fLIBROl0o630.3 G6p-13387r2019-12-31 00:00:00w2019-12-31yLIBRO